Derim ki (Record no. 641)

000 -LEADER
fixed length control field 00457nam a22001697a 4500
008 - FIXED-LENGTH DATA ELEMENTS--GENERAL INFORMATION
fixed length control field 170612b xxu||||| |||| 00| p tur d
020 ## - INTERNATIONAL STANDARD BOOK NUMBER
International Standard Book Number 9754880085
041 ## - LANGUAGE CODE
Language code of text/sound track or separate title Türkçe
050 ## - LIBRARY OF CONGRESS CALL NUMBER
Classification number PL234.A658
100 ## - MAIN ENTRY--PERSONAL NAME
9 (RLIN) 504
Personal name Muzaffer Arabul
245 ## - TITLE STATEMENT
Title Derim ki
Statement of responsibility, etc. Muzaffer Arabul
Remainder of title Makbuleye Şiirler
260 ## - PUBLICATION, DISTRIBUTION, ETC.
Place of publication, distribution, etc. İstanbul
Name of publisher, distributor, etc. Yalçın Yayınları
Date of publication, distribution, etc. Ocak 1989
300 ## - PHYSICAL DESCRIPTION
Extent 75 sayfa
500 ## - GENERAL NOTE
General note Şiir Dizisi: 13
650 #0 - SUBJECT ADDED ENTRY--TOPICAL TERM
9 (RLIN) 145
Topical term or geographic name entry element Türk Edebiyatı
942 ## - ADDED ENTRY ELEMENTS (KOHA)
Source of classification or shelving scheme
Koha item type Books
Holdings
Withdrawn status Lost status Source of classification or shelving scheme Damaged status Not for loan Permanent Location Current Location Shelving location Date acquired Full call number Barcode Date last seen Price effective from Koha item type
        Ödünç verilemez İmren Ahmet Tüzün Kütüphanesi İmren Ahmet Tüzün Kütüphanesi Ahmet Tüzün 2017-07-24 PL234.A658 100100000632 2017-07-24 2017-07-24 Books

This software was implemented, installed and managed by Devinim Software Training Consulting .